01653nab a2200265 a 450000500170000000700030001700800410002002200140006104000280007504100080010310000340011124500700014526401120021530000620032731000150038933600270040433700340043133800280046536200230049352106520051665000890116877300980125794200150135599900170137020250513114214.0ta250210e2017 dr f||p|r||||||0| | spa d a2221-9765 aDO-SdBNPcDO-SdBNPerda hspa aOvalles, Rafael986952eautor aAmpliamos e innovamos nuestra oferta formativa /cRafael Ovalles. aSanto Domingo, República Dominicana : bInstituto de Formación Técnico Profesional (INFOTEP), c2017. apágina, 5 : bilustraciones, fotografías ; c30.5 cm. aSemestral. atextobtxt2rdacontent asin mediación bn2rdamedia avolumenbnc2rdacarrier aEdición 1, 2017. aTal como nos propusimos a principio de año, hemos logrado grandes avances en el fortalecimiento de los ejes estratégicos de nuestra institución relacionados con la modernización y ampliación de la infraestructura física y la renovación de la oferta para el desarrollo de la formación técnica en el país. Con la inauguración del edificio administrativo de la Gerencia Norte, en Santiago, y del edificio de aulas y talleres en la Gerencia Regional Central, en Santo Domingo, se hace realidad una parte importante de los proyectos concebidos por esta dirección general para llevar al INFOTEP hacia la renovación definitiva.  0aInnovaciones educativas vPublicaciones periódicas zRepública Dominicana9171150 0581069320529aINFOTEP (Agencia)o2025-0866tRevista Integración Tecnológica /x2221-9765 2ddccISSUE c58107d58107